00932nam a2200193 a 450000100100000000500170001000800410002704000250006811100840009324501090017726000550028630000190034149000450036070000480040583000520045395201050050595201110061099900170072100002789620200930031201.0110405s1970 dr r 000 0 spa d aDO-SdBNPbspacBNPHU1 aCongreso de la federación venezolanade abogadosc(Venezuelad1970n2:)95496410aEstado de la profesión de abogado en la República Dominicana /cLuz Bethania Pelaez Ortíz de Pina. aValencia, Venezuela :bColegio de Abogados,c1970. a8 p. ;c19 cm.1 aPublicaciones del Colegio de Abogadosv41 aLuz Bethania, Pelaez Ortíz de Pina954965 0aPublicaciones del Colegio de Abogadosn4954966 0010718PDaPDbPDcHDd2011-04-05iLF1l0o p27896-10r2020-06-25w2020-06-25yLFPDZNo se presta 0010718PDaPDbPDcHDd2018-08-06iLF1l0o p27896-20r2020-06-25te. 2w2020-06-25yLFPDZNo se presta c27388d27388